Central Library OPAC University of Rajshahi

আয়কর ও নিরীক্ষা-শাস্ত্র : (Record no. 47085)

MARC details
000 -LEADER
fixed length control field 01065nam a2200241 a 4500
001 - CONTROL NUMBER
control field 47085
003 - CONTROL NUMBER IDENTIFIER
rucl marc code BD-RjUL
005 - DATE AND TIME OF LATEST TRANSACTION
control field 20211209054246.0
008 - FIXED-LENGTH DATA ELEMENTS--GENERAL INFORMATION
fixed length control field 160807s1981 bg ||||| |||| 00| 0 ben d
035 ## - SYSTEM CONTROL NUMBER
System control number (BD-RjUL)47204
040 ## - CATALOGING SOURCE
Original cataloging agency BD-RjUL
Language of cataloging ben
Transcribing agency BD-RjUL
041 ## - LANGUAGE CODE
Language code of text/sound track or separate title ben
082 ## - DEWEY DECIMAL CLASSIFICATION NUMBER
Edition number 23
Classification number B 336.24
Author mark and year ALI 1981
100 ## - MAIN ENTRY--PERSONAL NAME
Personal name আলম, মো. খুরশিদ.
9 (RLIN) 143398
245 ## - TITLE STATEMENT
Title আয়কর ও নিরীক্ষা-শাস্ত্র :
Remainder of title ১৯৮১ সনের আর্থিক আইন অনুযায়ী আয়কর আইনের সংশোধনীসহ /
Statement of responsibility, etc. মো. খুরশিদ আলম.
250 ## - EDITION STATEMENT
Edition statement ৬ষ্ঠ (সংশোধিত )সং.
260 ## - PUBLICATION, DISTRIBUTION, ETC. (IMPRINT)
Place of publication, distribution, etc. ঢাকা :
Name of publisher, distributor, etc. আইডিয়াল লাইব্রেরী,
Date of publication, distribution, etc. ১৯৮১.
300 ## - PHYSICAL DESCRIPTION
Pagination (ক-জ), ৩১৪ পৃ.
Size ১৯ সেমি.
500 ## - GENERAL NOTE
General note "বি. কম. (পাস ও অনার্স) ক্লাশের জন্য"
650 ## - SUBJECT ADDED ENTRY--TOPICAL TERM
Topical term or geographic name as entry element আয়কর
9 (RLIN) 118704
Topical term or geographic name as entry element Income Tax
9 (RLIN) 143399
942 ## - ADDED ENTRY ELEMENTS (KOHA)
Source of classification or shelving scheme Dewey Decimal Classification
Koha item type Books
Holdings
Lost status Source of classification or shelving scheme Damaged status Not for loan Collection code Permanent Location Current Location Shelving location Date acquired Source of acquisition Cost, normal purchase price Total Checkouts Full call number Date last seen Copy number Koha item type
  Dewey Decimal Classification     Non-fiction Central Library, University of Rajshahi Central Library, University of Rajshahi   17/08/1982 Aligar Library, Rajshahi 55.00   B 336.24 ALA 1981 07/08/2016 C-2 Books
  Dewey Decimal Classification     Non-fiction Central Library, University of Rajshahi Central Library, University of Rajshahi   17/08/1982 Aligar Library, Rajshahi 55.00   B 336.24 ALA 1981 07/08/2016 C-3 Books
  Dewey Decimal Classification     Non-fiction Central Library, University of Rajshahi Central Library, University of Rajshahi   17/08/1982 Aligar Library, Rajshahi 55.00   B 336.24 ALA 1981 07/08/2016 C-4 Books
  Dewey Decimal Classification     Non-fiction Central Library, University of Rajshahi Central Library, University of Rajshahi   17/08/1982 Aligar Library, Rajshahi 55.00   B 336.24 ALA 1981 07/08/2016 C-5 Books
  Dewey Decimal Classification   Not For Loan Non-fiction Central Library, University of Rajshahi Central Library, University of Rajshahi Reading Room 17/08/1982 Aligarh Library, Rajshahi 55.00   B 336.24 ALA 1981 22/04/2017 C-1 Books